Slávnosť hercov Turčianske divadelné dni '98

Bibliographic Details
Main Author: Kováč, Michal, 1930-2023 (Author)
Format: Article
Language:Slovak
PhysicalDescription:Fotogr.
ISSN:0323-2883
Subjects:

MARC

LEADER 00000nab a2200000 a 4500
001 vtls000663645
003 SK-MaSNL
005 20260305032751.0
008 250426c1998 xo 0 slo
015 |a SNBRB1998/06-17181 
035 |a CLN000015831 
035 |a urn:nbn:sk:snk-abdpx8 
035 |a (urnnbn)urn:nbn:sk:snk:ar-001fh6 
035 |a (uuid)dbf1fd70-dfd2-4de8-aa5f-c2e57c58b70b 
040 |a SNKBUCL  |b slo  |c SNKBUCL  |e AACR2 
041 0 |a slo 
044 |a xo  |c SK 
080 |a 792.091.4:792.077(437.6)  |2 1997 
080 |a 792.077(437.6)  |2 1997 
100 1 |a Kováč, Michal,  |d 1930-2023  |4 aut  |9 13813 
245 1 0 |a Slávnosť hercov  |b Turčianske divadelné dni '98  |c Mišo A. Kováč 
300 |b Fotogr. 
611 1 7 |a Turčianske divadelné dni  |d 1998  |c Belá-Dulice, Slovensko  |2 snkbucl  |9 1612458 
650 0 7 |a ochotnícke divadlo  |2 snkbucl  |9 3349 
650 0 7 |a divadelné festivaly a prehliadky  |2 snkbucl  |9 3350 
651 7 |a Martin (Slovensko : okres)  |2 snkbucl  |9 73088 
655 7 |a články z novín a časopisov  |2 snkbucl  |9 267496 
773 0 |t Javisko  |g Roč. 30, č. 6 (1998), s. 33-34  |x 0323-2883 
850 |a Slovenská národná knižnica 
852 |a Slovenská národná knižnica 
954 |a odborná, vedecká literatúra pôvodná (slovenská)  |2 lita 
958 |a article19 
958 |a OND 
958 |a SK 
958 |a EUIPO 
992 |a RBX 
999 |c 3321513  |d 3323443